000 00939nam a2200265 a 4500
001 BRCA_8004
005 20190320210107.0
008 180314s1905----gw-a###f##---#000-0#spa-#
041 _ager
044 _agw
050 4 _aND588.R8
_b.J8 1905
245 1 0 _aJuan Mauricio Rugendas
_bun pintor alemán en México
_cprólogo de Federico Hernández Serrano.
260 _aAlemania
_bDumont Presse
_c[1905]
300 _a1 v. (sin paginación)
_bil. a color, 12 láminas
_c21 cm.
500 _aEn portada : dibujo a pluma de Puente Nacional de México
500 _aColección Gráfica del Estado de Baviera de Munich
500 _aTexto reimpreso en Colonia
500 _aY1
600 1 4 _aRugendas, Juan Mauricio
_vpintor
_zAlemania
_919872
650 1 4 _aPintura
_xPaisajes mexicanos
_919873
650 1 4 _aPintores
_vGeografía
_zMéxico
_919874
700 1 _aHernández Serrano, Federico
_epról.
_919875
902 _aGFM
942 _2lcc
_cB
999 _c7673
_d7673